|
|
|
|
| LEADER |
00000cam a2200000 a 4500 |
| 001 |
vtls010475984 |
| 003 |
SK-MaSNL |
| 005 |
20260301085717.0 |
| 008 |
240315s2012 xr o g 000 0dcze |
| 020 |
|
|
|a 9788026400660
|q (viaz.)
|
| 040 |
|
|
|a SNK
|b slo
|c SNK
|e AACR2
|
| 041 |
1 |
|
|a cze
|h eng
|
| 044 |
|
|
|a xr
|c CZ
|
| 072 |
|
7 |
|a 78.07
|x Hudobníci, skladatelia a iné hudobné povolania
|2 konspekt
|
| 080 |
|
|
|a 785.16.071
|2 2001
|
| 080 |
|
|
|a 78.071.1/.2
|2 2001
|
| 080 |
|
|
|a 78.036
|2 2001
|
| 080 |
|
|
|a (410.1)
|2 2001
|
| 080 |
|
|
|a (048.8)
|2 2001
|
| 080 |
|
|
|a (084.12)
|2 2001
|
| 100 |
1 |
|
|a Povey, Glenn
|4 aut
|9 416267
|
| 240 |
1 |
0 |
|a Treasures of Pink Floyd
|l Česky
|
| 245 |
1 |
0 |
|a Pink Floyd
|c Glenn Povey ; [překlad Jiří Fadrný]
|
| 246 |
1 |
|
|i Názov v tiráži:
|a Legenda Pink Floyd
|
| 250 |
|
|
|a 1. vyd.
|
| 260 |
|
|
|a Brno
|b CPress
|c 2012
|
| 300 |
|
|
|a 63 s.
|b fotogr. (čiast. fareb.), ilustr.
|c 29 cm
|
| 490 |
1 |
|
|a Muzeum v knize
|
| 500 |
|
|
|a 5 vlepených vreciek s 20 faks. rôznych rozmerov
|
| 610 |
2 |
7 |
|a Pink Floyd (hudobná skupina)
|2 SNKKA
|9 74261
|
| 648 |
|
7 |
|a 20.-21. stor.
|2 SNKPH
|9 270701
|
| 648 |
|
7 |
|a 20th-21st centuries
|2 SNKPHeng
|9 285312
|
| 650 |
0 |
7 |
|a hudobné skupiny
|2 SNKPH
|9 3429
|
| 650 |
0 |
7 |
|a rockoví hudobníci
|2 SNKPH
|9 68082
|
| 650 |
0 |
7 |
|a rock
|2 SNKPH
|9 3179
|
| 650 |
0 |
7 |
|a Musical groups
|2 SNKPHeng
|9 295019
|
| 650 |
0 |
7 |
|a Rock musicians
|2 SNKPHeng
|9 316413
|
| 650 |
0 |
7 |
|a Rock music
|2 SNKPHeng
|9 319504
|
| 651 |
|
7 |
|a England
|2 SNKPHeng
|9 282962
|
| 651 |
|
7 |
|a Anglicko
|2 SNKPH
|9 168041
|
| 655 |
|
7 |
|a prehľady
|2 SNKPH
|9 70194
|
| 655 |
|
7 |
|a dokumenty
|2 SNKPH
|9 70482
|
| 655 |
|
7 |
|a fotografické publikácie
|2 SNKPH
|9 70483
|
| 655 |
|
7 |
|a Surveys
|2 SNKPHeng
|9 266058
|
| 655 |
|
7 |
|a Documents
|2 SNKPHeng
|9 277725
|
| 655 |
|
7 |
|a Photographical works
|2 SNKPHeng
|9 278887
|
| 700 |
1 |
|
|a Fadrný, Jiří
|4 trl
|9 322896
|
| 830 |
|
0 |
|a Muzeum v knize
|9 310480
|
| 919 |
|
|
|a 978-80-264-0066-0
|
| 999 |
|
|
|c 666446
|d 668376
|
| 952 |
|
|
|t snkPIN 78.07
|a SNKUST
|b SNKUST
|y PREZ
|7 0
|p 17A0809864
|o snkIB 72691
|i snk2012/24885
|8 3
|g 36.00
|0 0
|1 0
|4 0
|d 2012-12-03
|l 0
|r 2025-04-28 00:00:00
|w 2026-02-23
|